000 00485pab a2200181 454500
008 180718b2008 xxu||||| |||| 00| 0 eng d
100 _aKodoth, Praveena
245 _aGender, caste and matchmaking in Kerala: a rationale for dowry
260 _c2008
300 _ap.263-83.
362 _aMar
650 _aDowry - India - Kerala
650 _aSocial problems - India - Kerala
650 _aSocial problems
773 _aDevelopment and Change
908 _aN
909 _a78038
999 _c78038
_d78038